| 000 | 01706nam a2200253Ia 4500 | ||
|---|---|---|---|
| 008 | 260220t1961||||xx |||||||||||||| ||spa|| | ||
| 040 |
_aPY-SlUNAC _bspa _erda |
||
| 041 | _aspa | ||
| 082 |
_a220.6 _bR268f |
||
| 100 |
_aRaymond, M. _eAutor |
||
| 245 | 0 |
_aLa familia que alcanzo a Cristo / _cpor M. Raymond [Autor] |
|
| 250 | _aTercera edición | ||
| 264 |
_aUruguay : _bDifusión, _c℗1961. |
||
| 300 | _a1 volumen | ||
| 520 | _aEn "La familia que alcanzó a Cristo", el autor M. Raymond explora la importancia de la fe cristiana en la vida familiar, destacando cómo la espiritualidad puede transformar relaciones y fomentar un ambiente de amor y comprensión. A través de testimonios y narraciones, se presentan diversas experiencias de familias que, a lo largo de su camino espiritual, han enfrentado desafíos y adversidades, pero que, gracias a su compromiso con la fe, han logrado fortalecer sus lazos y alcanzar una conexión más profunda con Dios. El libro enfatiza la necesidad de la oración, la comunicación y el apoyo mutuo entre los miembros de la familia como pilares fundamentales para cultivar una vida cristiana auténtica. Además, se abordan temas como la educación religiosa de los hijos y la importancia de ser un ejemplo de vida cristiana en el hogar. En suma, esta obra invita a los lectores a reflexionar sobre el papel de la fe en la cohesión familiar y en la búsqueda de un propósito espiritual compartido. | ||
| 653 | _aCristianismo | ||
| 653 | _aEducación religiosa | ||
| 653 | _aFamilia | ||
| 942 |
_b2026/02/17 _cBK |
||
| 999 |
_c6855 _d6855 |
||